书目信息 |
| 题名: |
风格与时代
|
|
| 作者: | 金兹堡 著 ;陈志华, 译 | |
| 分册: | ||
| 出版信息: | 西安 陕西师范大学出版社 2004.05 |
|
| 页数: | 280页 | |
| 开本: | 21cm | |
| 丛书名: | 花生文库 | |
| 单 册: | ||
| 中图分类: | TU-865.12 | |
| 科图分类: | ||
| 主题词: | 结构现实主义--jie gou xian shi zhu yi--建筑学派--俄罗斯 | |
| 电子资源: | ||
| ISBN: | 7-5613-2947-4 | |
| 000 | 01213nam 2200301 450 | |
| 001 | 012007072709 | |
| 005 | 20070920154455.53 | |
| 010 | @a7-5613-2947-4@dCNY33.00 | |
| 100 | @a20070827d2004 km y0chiy0120 ea | |
| 101 | 1 | @achi@crus |
| 102 | @aCN@b610000 | |
| 105 | @aa z 000yy | |
| 200 | 1 | @a风格与时代@Afeng ge yu shi dai@f(俄) М·Я金兹堡著@F(e)М·Яjin zi bao zhu@g陈志华译@Gchen zhi hua yi |
| 210 | @a西安@c陕西师范大学出版社@d2004.05 | |
| 215 | @a280页@c图@d21cm | |
| 225 | 2 | @a花生文库@Ahua sheng wen ku@i建筑馆 |
| 305 | @a据美国MIT出版社1982年英译本译出。 | |
| 312 | @a俄文并列题名取自书中。 | |
| 314 | @a金兹堡(1892~1946),苏联建筑结构主义理论权威。 | |
| 330 | @a本书为苏联建筑学早期结构主义理论的代表作,它从建筑在新的社会主义社会中的地位出发,阐明建筑在社会方面、技术方面合理化的必要性与途径。 | |
| 410 | 0 | @12001 @a花生文库@i建筑馆 |
| 500 | 10 | @aСтиль и эпоха@mChinese |
| 606 | 0 | @a结构现实主义@Ajie gou xian shi zhu yi@x建筑学派@y俄罗斯 |
| 690 | @aTU-865.12@v4 | |
| 701 | 1 | @a金兹堡@Ajin zi bao@g(Гинзбург, Моисей Яковлевич),@f1892-1946@4著 |
| 702 | 0 | @a陈志华,@Achen zhi hua@f1929- @4译 |
| 801 | 0 | @aCN@c20070920 |
| 905 | @dTU-865.12@eJ830 | |
| 风格与时代/(俄) М·Я金兹堡著/陈志华译.-西安:陕西师范大学出版社,2004.05 |
| 280页:图;21cm.-(花生文库.建筑馆) |
| ISBN 7-5613-2947-4:CNY33.00 |
| 本书为苏联建筑学早期结构主义理论的代表作,它从建筑在新的社会主义社会中的地位出发,阐明建筑在社会方面、技术方面合理化的必要性与途径。 |
| ● |
| 相关链接 |
|
|
|
正题名:风格与时代
索取号:TU-865.12/J830
 
预约/预借
| 序号 | 登录号 | 条形码 | 馆藏地/架位号 | 状态 | 备注 |
| 1 | 262160 | 202621608 | 建筑库101/101建筑库 17排4列1层/ [索取号:TU-865.12/J830] | 在馆 | |
| 2 | 262161 | 202621617 | 建筑库101/101建筑库 21排2列4层/ [索取号:TU-865.12/J830] | 在馆 | |
| 3 | 262162 | 202621626 | 建筑库101/101建筑库 21排1列5层/ [索取号:TU-865.12/J830] | 在馆 |